<?xml version="1.0" encoding="UTF-8"?>
<record
    xmlns:xsi="http://www.w3.org/2001/XMLSchema-instance"
    xsi:schemaLocation="http://www.loc.gov/MARC21/slim http://www.loc.gov/standards/marcxml/schema/MARC21slim.xsd"
    xmlns="http://www.loc.gov/MARC21/slim">

  <leader>00316    a2200109   4500</leader>
  <controlfield tag="001">ART_41711</controlfield>
  <controlfield tag="005">20260410161805.0</controlfield>
  <controlfield tag="008">260409a                                 </controlfield>
  <datafield tag="245" ind1="1" ind2="0">
    <subfield code="a">El aporte y la quiebra</subfield>
  </datafield>
  <datafield tag="100" ind1="1" ind2=" ">
    <subfield code="a">Arduino, Augusto H.L.</subfield>
  </datafield>
  <datafield tag="773" ind1="0" ind2=" ">
    <subfield code="t">Doctrina Societaria y Concursal</subfield>
    <subfield code="g">- N&#xBA; 313 (dic. 2013)</subfield>
    <subfield code="w">REV4298</subfield>
  </datafield>
  <datafield tag="999" ind1=" " ind2=" ">
    <subfield code="c">20952</subfield>
    <subfield code="d">20952</subfield>
  </datafield>
</record>
